New Trends in Atomic And Molecular Physics (Record no. 60554)
[ view plain ]
| 000 -LEADER | |
|---|---|
| fixed length control field | 00490nam a22001817a 4500 |
| 005 - DATE & TIME | |
| control field | 20260318132259.0 |
| 008 - FIXED-LENGTH DATA ELEMENTS--GENERAL INFORMATION | |
| fixed length control field | 260318b |||||||| |||| 00| 0 eng d |
| 020 ## - ISBN | |
| International Standard Book Number | 9783642381669 |
| Price | 10489.95 |
| 040 ## - CATALOGING SOURCE | |
| Original cataloging agency | Doon University |
| 041 ## - Language | |
| Language | English |
| 082 ## - DDC NUMBER | |
| Classification number | 539.7 |
| Book Number | NEW |
| 100 ## - MAIN ENTRY--PERSONAL NAME | |
| Personal name | Mohan, Man (ed) |
| 245 ## - TITLE STATEMENT | |
| Title | New Trends in Atomic And Molecular Physics |
| Sub Title | : Advanced Technological Application |
| 260 ## - PUBLICATION, DISTRIBUTION, ETC. (IMPRINT) | |
| Place of publication, distribution, etc | Delhi |
| Name of publisher, distributor, etc | Springer |
| Date of publication, distribution, etc | 2013 |
| 300 ## - PHYSICAL DESCRIPTION | |
| Pages | 350 |
| 650 ## - Subject | |
| Subject | Physics |
| 942 ## - ADDED ENTRY ELEMENTS (KOHA) | |
| Koha item type | Books |
| 100 ## - MAIN ENTRY--PERSONAL NAME | |
| -- | 26540 |
| 952 ## - LOCATION AND ITEM INFORMATION (KOHA) | |
| -- | 2026-03-18 |
| Withdrawn status | Lost status | Source of classification or shelving scheme | Damaged status | Not for loan | Location (home branch) | Sublocation or collection (holding branch) | Date acquired | Koha issues (times borrowed) | Koha full call number | Accession No. | Koha date last seen | Koha item type |
|---|---|---|---|---|---|---|---|---|---|---|---|---|
| Doon University | Doon University | 18.03.2026 | 539.7 NEW | 53512 | 18.03.2026 | Books |